• 首页
  • 本馆介绍
  • 公告通知
  • 最新文献
  • 馆藏检索
  • 电子资源
  • 读者导购
  • 参考咨询
  • 我的图书馆
  • 登录
  • 期刊详细显示
  • 现刊情况显示
  • 合订本情况显示
  • 篇目信息显示

期刊信息

  • 表格格式
  • 工作单格式
  • 卡片格式
索取号 
N49/ZHGKJ
题名 
中国科技教育
作者 
中国科技教育编辑部
分册号 
分册名 
出版地 
北京
出版者 
本刊编辑部
标准刊号 
1671-4350
出版频率 
月刊
中图法分类 
N49
主题词 
自然科学 普及读物
电子资源 
000 00636nas0 2200217 45
001 0541311916
005 20070412140904.45
011    @a1671-4350@dCNY4.00
092    @b82-418
100    @a20051013d km y0chiy0120 ea
101 0  @achi
102    @aCN@b110000
200 1  @a中国科技教育@AZhong Guo Ke Ji Jiao Yu@f中国科技教育编辑部@FZhong Guo Ke Ji Jiao Yu Bian Ji Bu
210    @a北京@c本刊编辑部
326    @a月刊@b2006~
326    @a双月刊@b~2005
606 0  @a自然科学@x普及读物
690    @aN49@v4
711  0 @a中国科技教育编辑部@AZhong Guo Ke Ji Jiao Yu Bian Ji Bu
801  0 @aCN@bPFT@c20070412
905    @aTJWY@dN49@eZHGKJ
    
    中国科技教育/中国科技教育编辑部.-北京:本刊编辑部
    
    
    
    ISSN 1671-4350:CNY4.00
    
●
相关链接: 在易读查询期刊 在中国知网中查询期刊 在万方数据查询期刊 在维普查询期刊
唐山师范学院图书馆 欢迎您!
大连网信软件有限公司© 版权所有